Lingüística: una introducción al estudio del lenguaje, con textos comentados y ejercicios

Uloženo v:
Podrobná bibliografie
Hlavní autor: Tusón, Jesús (Autor)
Médium: Kniha
Jazyk:španělština
Vydáno: Barcelona Barcanova 1985
Vydání:2a. ed
Edice:Temas Universitarios
Témata:
Tagy: Přidat tag
Žádné tagy, Buďte první, kdo vytvoří štítek k tomuto záznamu!

MARC

LEADER 00000nam a2200000 a 4500
001 UCR8423
003 CL-VaPUC
008 980529e19850000SP |||||||||||||||||spa|d
082 0 4 |a 410  |b TUS  |2 21 
100 0 |a Tusón, Jesús  |e author  |9 410116 
245 1 0 |a Lingüística: una introducción al estudio del lenguaje, con textos comentados y ejercicios 
250 |a 2a. ed 
300 |a 368 p 
942 |c BK 
945 |d 19980529 00:00:00  |a cmena 
260 |a Barcelona  |b Barcanova  |c 1985 
650 0 |a Lingüística  |9 265068 
650 0 |a Análisis lingüístico  |9 314711 
650 7 |a LINGUISTICA DESCRIPTIVA  |2 CL-VaPUC  |9 410117 
650 0 |a Comunicación   |9 257251 
650 0 |a Lenguas  |9 324269 
650 0 |a Gramática  |9 270497 
650 0 |a Semántica  |9 265318 
650 0 |a Fonética  |9 308371 
650 0 |a Fonología   |9 341074 
650 0 |a Etnolingüística  |9 341076 
650 0 |a Sociolingüística  |9 263716 
650 7 |a LINGUISTICA COMPARATIVA Y DIACRONICA  |2 CL-VaPUC  |9 410118 
650 7 |a TEORIA LINGUISTICA  |2 CL-VaPUC  |9 334835 
583 |a last modification  |c 19980529 00:00:00  |k Rodrigo Vera 
490 0 |a Temas Universitarios 
999 |c 269828  |d 269826 
952 |0 0  |1 0  |4 0  |6 410_000000000000000_TUS_1985  |7 0  |8 A  |9 303859  |a BIBEDU  |b BIBEDU  |d 2019-11-20  |i 1406450  |o 410 TUS 1985  |p 1406450  |r 2019-11-20  |w 2019-11-20  |y BK  |k LIT 
952 |0 0  |1 0  |4 0  |6 410_000000000000000_TUS_1985  |7 0  |8 A  |9 303860  |a BIBEDU  |b BIBEDU  |d 2019-11-20  |i 1406469  |o 410 TUS 1985  |p 1406469  |r 2019-11-20  |w 2019-11-20  |y BK  |k LIT 
952 |0 0  |1 0  |4 0  |6 410_000000000000000_TUS_1985  |7 0  |8 A  |9 303861  |a BIBEDU  |b BIBEDU  |d 2019-11-20  |i 1406477  |o 410 TUS 1985  |p 1406477  |r 2019-11-20  |w 2019-11-20  |y BK  |k LIT 
952 |0 0  |1 0  |4 0  |6 410_000000000000000_TUS_1985  |7 0  |8 A  |9 303862  |a FDOPOS  |b FDOPOS  |d 2019-11-20  |i 1467638  |o 410 TUS 1985  |p 1467638  |r 2025-01-22  |w 2019-11-20  |y BK  |k MLA